5 najbardziej popularnych zwierząt domowych - Statystyki

Ogólne statystyki
  • Ten quiz został rozwiązany 8 592 razy
  • Średni wynik to 3 z 5
Statystyki odpowiedzi
Popularny zwierzak % Poprawnych
Kot
100%
Pies
100%
Królik
51%
Ryba
35%
Ptak
15%
Nie znaleziono quizów pasujących do podanych kryteriów
Rozkład punktacji
Procent ludzi z każdym wynikiem
Percentyl według liczby udzielonych odpowiedzi
Twoja historia wyników
Nie rozwiązałeś tego quizu